Monarchies - Sudden Death - Statistics

General Stats
  • This quiz has been taken 86,222 times
    86,141 since last reset
  • The average score is 9 of 20
Answers on the Grid
Answers color-coded by a green-red scale on the quiz's grid according to % correct below.
Belgium
Bhutan
Cambodia
Denmark
Egypt
Eswatini
Finland
France
Greece
Haiti
India
Indonesia
Italy
Japan
Jordan
Kuwait
Laos
Lebanon
Lithuania
Malaysia
Monaco
Morocco
Netherlands
Oman
Peru
Portugal
Qatar
San Marino
Saudi Arabia
Spain
Sweden
Switzerland
Thailand
United Kingdom
Vatican City
 
Answer Stats
Answer % Correct
Denmark
71%
Belgium
70%
United Kingdom
65%
Monaco
54%
Bhutan
52%
Spain
52%
Saudi Arabia
50%
Sweden
50%
Japan
46%
Netherlands
46%
Qatar
43%
Jordan
42%
Kuwait
41%
Thailand
39%
Vatican City
38%
Eswatini
37%
Morocco
36%
Oman
35%
Cambodia
28%
Malaysia
22%
No matching quizzes found
Score Distribution
Percent of People with Each Score
Percentile by Number Answered
Your Score History
You have not taken this quiz since the last reset